00533 2200181 4500001002100000005001700021035002400038040001200062082001200074084001800086100001800104245011200122260003200234300002700266650002500293850001200318990002100330YOGYA00000000002239320170427132428.0 0010-081400000022111 aYOPDYOG 223a361 aDEP 361 Sup M aSUPARLAN, YB. aMemajukan Relawan Sosial sebagai Sumber Daya Manusia dalam pembangunan kesejahteraan sosialc/ YB. Suparlan aYogyakartabDepsos RIc1995 avii, 11 hlm.c; 15 cm. aKesejahteraan Sosial aYOPDYOG aCB-D.11/1995-395